Loading...
| Science - Chemistry | 0 | 5 | 0 | 2 | 50 | 59 | 96.00 | 1 | 2 |
| Science - Physics | 0 | 4 | 0 | 0 | 40 | 67 | 105.00 | 0 | 0 |
| Science - Biology | 0 | 4 | 0 | 1 | 40 | 62 | 89.50 | 2 | 3 |
| Fine Arts - Classical Music | 0 | 3 | 0 | 0 | 30 | 97 | 109.00 | 0 | 0 |
| Fine Arts - Visual Fine Arts | 0 | 3 | 0 | 1 | 30 | 80 | 90.67 | 0 | 1 |
| Philosophy | 0 | 3 | 0 | 0 | 30 | 59 | 90.67 | 0 | 1 |
| Literature - World/Other Literature | 0 | 2 | 0 | 1 | 20 | 122 | 129.50 | 0 | 1 |
| Fine Arts - Other Fine Arts | 0 | 2 | 1 | 1 | 15 | 90 | 118.00 | 0 | 0 |
| Social Science | 0 | 1 | 0 | 0 | 10 | 51 | 51.00 | 0 | 1 |
| History - American History | 0 | 1 | 0 | 0 | 10 | 73 | 73.00 | 0 | 1 |
| History - Other History | 0 | 1 | 0 | 0 | 10 | 76 | 76.00 | 0 | 0 |
| Literature - American Literature | 0 | 1 | 0 | 0 | 10 | 33 | 33.00 | 1 | 1 |
| Religion | 0 | 1 | 0 | 1 | 10 | 66 | 66.00 | 0 | 0 |
| Mythology | 0 | 0 | 1 | 0 | -5 | 0.00 | 0 | 0 |